| 000 | 01977nam a2200457 i 4500 | ||
|---|---|---|---|
| 001 | DIGUDISTRIT0017 | ||
| 003 | NyNyDIG | ||
| 007 | cr ||||||||||| | ||
| 008 | 230424s2022 ck a ob 000 0 spa d | ||
| 006 | m o d | ||
| 035 | _a(OCoLC)1377521456 | ||
| 040 |
_aDGITA _beng _erda _epn _cDGITA |
||
| 020 |
_a9789587873771 _qeBook |
||
| 020 | _z9789587873238 | ||
| 050 | 1 | 4 | _aTE175 ebook |
| 100 | 1 |
_aVargas Vargas, Wilson Ernesto, _eauthor. |
|
| 245 | 1 | 0 |
_aEjercicios prácticos de diseño y localización de carreteras / _cWilson Ernesto Vargas Vargas, Mario Arturo Rincón Villalba, Carlos Javier González Vergara. |
| 250 | _aSegunda edición. | ||
| 264 | 1 |
_aBogotá : _bEditorial UD, _c[2022] |
|
| 300 |
_a1 online resource : _billustrations. |
||
| 336 |
_atext _btxt _2rdacontent |
||
| 337 |
_acomputer _bc _2rdamedia |
||
| 338 |
_aonline resource _bcr _2rdacarrier |
||
| 347 |
_atext file _2rdaft |
||
| 347 | _bEPUB | ||
| 490 | 1 | _aEspacios | |
| 500 | _a"Universidad Distrital Francisco José de Caldas. Facultad del Medio Ambiente y Recursos Naturales." | ||
| 504 | _aIncludes bibliographical references. | ||
| 588 | 0 | _aOnline resource; title from ePub title page (Digitalia, viewed April 24, 2023) | |
| 650 | 0 |
_aRoads _xDesign and construction. |
|
| 650 | 0 |
_aRoads _xLocation. |
|
| 700 | 1 |
_aRincón Villalba, Mario Arturo, _eauthor. |
|
| 700 | 1 |
_aGonzález Vergara, Carlos Javier, _eauthor. |
|
| 791 | 2 |
_aDigitalia (Firm), _edistributor. |
|
| 793 | 0 |
_gDigitalia eBook Collection: _aUniversidad Distrital Francisco José de Caldas |
|
| 776 | 0 | 8 |
_iPrint version: _aVargas Vargas, Wilson Ernesto. _tEjercicios prácticos de diseño y localización de carreteras. _bSegunda edición. _dBogotá : Editorial UD, [2022] _z9789587873238 |
| 830 | 0 | _aEspacios (Universidad Distrital "Francisco José de Caldas") | |
| 856 | 4 | 0 |
_3Digitalia Hispánica _uhttps://www.digitaliapublishing.com/a/125267/ |
| 910 | _aPremium collection: 2023 | ||
| 942 | _cRAA | ||
| 999 |
_c277212 _d277212 |
||